[Event "GER-ch Seniors 50 32nd"]
[Site "Magdeburg"]
[Date "2020.08.14"]
[Round "1"]
[White "Lundin, Jan"]
[Black "Meyer, Bernd"]
[Result "1-0"]
[WhiteElo "2321"]
[BlackElo "1966"]
[PlyCount "51"]
[EventDate "2020.08.14"]
[EventType "swiss"]
[EventRounds "9"]
[EventCountry "GER"]
[SourceTitle "EXT 2021"]
[Source "ChessBase"]
[SourceDate "2020.10.23"]
[SourceVersion "1"]
[SourceVersionDate "2020.10.23"]
[SourceQuality "1"]

1. e4 d6 2. Nc3 Nf6 3. f4 g6 4. Nf3 Bg7 5. Be2 c5 6. 0-0 0-0 7. d3 Nc6 8. Qe1 e6 9. Bd1 a6 10. Kh1 b5 11. a3 Rb8 12. Ne2 d5 13. e5 Nd7 14. d4 f6 15. c3 Qe7 16. Be3 c4 17. exf6 Nxf6 18. Bc2 Bd7 19. Ng5 Bh6 20. Qh4 Bxg5 21. fxg5 Nh5 22. g4 Rxf1+ 23. Rxf1 Ng7 24. Nf4 Ne8 25. Bxg6 Nc7 26. Nh5 1-0